Engineering Mechanics Statics and Dynamics (840p) (Record no. 11992)

MARC details
000 -LEADER
fixed length control field 00464nam a2200181Ia 4500
008 - FIXED-LENGTH DATA ELEMENTS--GENERAL INFORMATION
fixed length control field 230524s9999 xx 000 0 und d
020 ## - INTERNATIONAL STANDARD BOOK NUMBER
ISBN 9788177581232
082 ## - DEWEY DECIMAL CLASSIFICATION NUMBER
Classification number 645.12
Item number SHA
100 ## - MAIN ENTRY--AUTHOR NAME
Personal name Irving H.Shames
245 #0 - TITLE STATEMENT
Title Engineering Mechanics Statics and Dynamics (840p)
250 ## - EDITION STATEMENT
Edition statement 3RD
260 ## - PUBLICATION, DISTRIBUTION, ETC. (IMPRINT)
Place of publication NEW DELHI
Name of publisher Pearson
Year of publication 2009
300 ## - PHYSICAL DESCRIPTION
Number of Pages 840
500 ## - GENERAL NOTE
General note Quantity Number: 6
650 ## - SUBJECT ADDED ENTRY--TOPICAL TERM
Topical Term Mechanics
700 ## - ADDED ENTRY--PERSONAL NAME
Personal name G.Krishna Mohana Rao
942 ## - ADDED ENTRY ELEMENTS (KOHA)
Koha item type Books
Holdings
Lost status Damaged status Permanent Location Current Location Shelving location Date acquired Full call number Accession Number Koha item type
    Central Library, Trident Academy of Technology Central Library, Trident Academy of Technology General Stacks 05/24/2023 645.12 SHA 8463 Books
    Central Library, Trident Academy of Technology Central Library, Trident Academy of Technology General Stacks 05/24/2023 645.12 SHA 26013 Books
    Central Library, Trident Academy of Technology Central Library, Trident Academy of Technology General Stacks 05/24/2023 645.12 SHA 26014 Books
    Central Library, Trident Academy of Technology Central Library, Trident Academy of Technology General Stacks 05/24/2023 645.12 SHA 26015 Books
    Central Library, Trident Academy of Technology Central Library, Trident Academy of Technology General Stacks 05/24/2023 645.12 SHA 26016 Books
    Central Library, Trident Academy of Technology Central Library, Trident Academy of Technology General Stacks 05/24/2023 645.12 SHA 26017 Books
Trident Academy of Technology © 2023.
All rights reserved.                                                                                                                                                                                                        Designed by Team of Central Library .

Powered by Koha